000 00579nam a2200181 i 4500
001 100033
003 ES-MaACL
005 20250915063041.0
007 t|
008 050921s1943 sp ||||1| spa d
100 1 _aMartínez Val, José María,
_d1916-
_978455
245 1 0 _aOrientaciones bibliográficas sobre Geografía actual /
_cpor José María Martínez Val.
260 _aMadrid :
_b[s.n.],
_c1943.
300 _a24 p. ;
_c25 cm.
500 _aPubl. en la Rev. Bibliotheca Hispana. Sec. 3ª nº 1.
852 _aES-MaACL
_j1847-F-3
_bR.20237
999 _c100033
_d100033